A theory of formal deducibility /

Guardado en:
Autor Principal: Curry, Haskell B. 1900-
Formato: Libro
Idioma:English
Publicado: Notre Dame, Indiana : [University of Notre Dame Press?], 1966, c1950.
Edición:[2nd ed.].
Series:Notre Dame mathematical lectures ; no. 6
Etiquetas: Agregar Etiqueta
Sin Etiquetas, Sea el primero en etiquetar este registro!
LEADER 00636nam a22001815 4500
001 MAT.inmabb001932
008 870121t19661950inu######b####000#0#eng#d
005 20130312160009.0
245 1 2 |a A theory of formal deducibility /  |c by Haskell B. Curry. 
250 |a [2nd ed.]. 
260 |a Notre Dame, Indiana :  |b [University of Notre Dame Press?],  |c 1966, c1950. 
300 |a xi, 129 p. ;  |c 23 cm. 
440 0 |a Notre Dame mathematical lectures ;  |v no. 6 
504 |a Bibliografía: p. 123-129. 
510 4 |a MR,  |c 42 #1644 
100 1 |a Curry, Haskell B.  |q (Haskell Brooks),  |d 1900- 
084 |a 03Bxx  |2 msc2000 
859 |h 03  |i C976t-2  |p A-3486  |b BIB. MATEMATICA